| 000 | 00429nam a2200169Ia 4500 | ||
|---|---|---|---|
| 008 | 230718s9999 xx 000 0 und d | ||
| 041 | _aeng | ||
| 082 |
_a621.37 _bBAK |
||
| 100 | _aBakshi U.A. | ||
| 245 | _aElectrical Technology | ||
| 250 | _a4th ed. | ||
| 260 |
_c2009 _bTechnical Publications |
||
| 300 | _a659 | ||
| 365 |
_cRs. _b340.00 |
||
| 700 | _aBakshi U.A. & Bakshi V.U. | ||
| 906 |
_dB:203111-Dec-2008 _cSS _b289 |
||
| 999 |
_c320701 _d320701 |
||